El gigante egoísta = The Selfish Giant /

El segundo largometraje dirigido por Clio Barnard, cineasta norteamericana asentada en Gran Bretaña, sigue los pasos de un par de adolescentes en una zona depauperada de Bradfrod, al norte de Inglaterra, quienes tras ser suspendidos en la escuela deciden comenzar a recoger chatarra y residuos indust...

Celý popis

Uloženo v:
Podrobná bibliografie
Hlavní autor: Barnard, Clio (realización)
Další autoři: Klapisch, Cédric (guión) (guión), Eley, Mike (fotógrafo) (fotógrafo), Price, Matthew (vestuario) (vestuario), Fenton, Nick (montaje) (montaje), Escott, Harry (música) (música), Chapman, Conner (actuación) (actuación), Thomas, Shaun (actuación) (actuación), Gilder, Sean (actuación) (actuación)
Médium: Video
Jazyk:angličtina
Témata:
Tagy: Přidat tag
Žádné tagy, Buďte první, kdo vytvoří štítek k tomuto záznamu!

MARC

LEADER 00000ngm^a2200000^a^4500
001 000364926
005 20250521000000.0
009 20260310115630.895
037 |a Acervo ITESO - Biblioteca 
041 |a ING 
082 |a 820.  |b BAR 
100 |a Barnard, Clio  |e (realización) 
240 1 4 |a [El gigante egoísta] 
240 1 4 |a [El gigante egoísta. Adaptaciones] 
245 1 3 |a El gigante egoísta =  |b The Selfish Giant /  |c Realización de C. Barnard. 
264 2 |a México :  |b Zima Entertainment [distribución],  |c copyright fecha no identificada 
300 |a 1 DVD regiones 1 y 4 (91 min.) :  |b color 
336 |a imagen móvil bidimensional  |b tdi  |2 rdacontenido 
337 |a video  |b v  |2 rdamedio 
338 |a videodisco  |b vd  |2 rdasoporte 
500 |a Basado en: El gigante egoísta, de Oscar Wilde 
520 |a El segundo largometraje dirigido por Clio Barnard, cineasta norteamericana asentada en Gran Bretaña, sigue los pasos de un par de adolescentes en una zona depauperada de Bradfrod, al norte de Inglaterra, quienes tras ser suspendidos en la escuela deciden comenzar a recoger chatarra y residuos industriales –a veces mediante el hurto-, para venderla a un pequeño comerciante de la localidad cercana de Huddersfield. Barnard –cuya opera prima, el documental The Arbor, gira en torno a Andrea Dunbar (1961-90), dramaturga nativa de Bradford- adopta el punto de vista de sus jóvenes protagonistas para exponer una descripción vigorosa y realista –no exenta de emotividad- de un entorno donde son comunes la deserción escolar, la explotación laboral infantil y una educación sentimental que pasa de golpe de la infancia a las exigencias de la vida adulta. 
546 |a En inglés, con subtítulos opcionales: español 
586 |a Premio BAFTA, de la Academia Británica de Cine y Televisión (67°: 2013): Mejor Película Británica – Premio Alexander Korda (finalista) 
649 |a XX 
650 |a Niños en el Cine 
650 |a Cine Social y Político 
650 |a Dramas Cinematográficos 
650 |a Cine de Mujeres -  |z Inglaterra 
650 |a Cine Independiente -  |z Inglaterra 
650 |a Cine Inglés -  |y 2010-2019 
650 |a Cine Inglés -  |y Siglo XXI 
650 |a Cuentos Infantiles -  |z Irlanda -  |x Adaptaciones para Cine 
650 |a Cuentos Irlandeses -  |x Adaptaciones para Cine 
650 |a Literatura Infantil -  |z Irlanda -  |x Adaptaciones para Cine 
650 |a Literatura Irlandesa -  |y Siglo XIX -  |x Adaptaciones para Cine 
650 |a Literatura y Cine 
650 |a Educación Sentimental 
650 |a Desarrollo Emocional 
650 |a Trabajo Infantil -  |z Inglaterra 
650 |a Explotación de Menores -  |z Inglaterra 
650 |a Problemas Sociales -  |z Inglaterra 
650 |a Bradford, Inglaterra en el Cine 
700 |a Klapisch, Cédric  |e (guión) 
700 |a Eley, Mike  |e (fotógrafo) 
700 |a Price, Matthew  |e (vestuario) 
700 |a Fenton, Nick  |e (montaje) 
700 |a Escott, Harry  |e (música) 
700 |a Chapman, Conner  |e (actuación) 
700 |a Thomas, Shaun  |e (actuación) 
700 |a Gilder, Sean  |e (actuación) 
910 |a Fondo General 
920 |a Audiovisuales - DVDs 
940 |a Películas 
905 |a 302 
901 |a 0500222334  |b IT2  |c DVS  |i C147890  |u 20250521 
902 |a https://opac.biblio.iteso.mx/vufind/Record/000364926